[Event "Mitropa Cup 19th"]
[Site "Baden"]
[Date "1999.04.01"]
[Round "1"]
[White "Acs, Peter"]
[Black "Zelcic, Robert"]
[Result "0-1"]
[WhiteElo "2521"]
[BlackElo "2554"]
[Annotator "Wells,P"]
[PlyCount "96"]
[EventDate "1999.04.??"]
[EventType "team-tourn"]
[EventRounds "9"]
[EventCountry "SUI"]
[Source "ChessBase"]
[SourceDate "1999.08.01"]

1. e4 c6 2. d4 d5 3. exd5 cxd5 4. c4 e6 5. Nc3 Nf6 6. Nf3 Bb4 7. Bd3 dxc4 8.
Bxc4 O-O 9. O-O {The 'Nimzo' move-order is of course 1 d4 Nf6 2 c4 e6 3 Nc3
Bb4 4 e3 0-0 5 Bd3 d5 6 Nf3 c5 7 0-0 dxc4 8 Bxc4 cxd4 9 exd4, but this arises
just as frequently from the Caro-Kann, and suits the 'Caro' temperament,
Karpov having been the most illustrious and consistent practitioner of this
position.} b6 10. Bg5 (10. Qe2 Bb7 11. Bf4 $5 {was a fresh plan unleashed in
the Hastings Premier this year. The first and most obvious idea is to prevent
black's queen developing naturally to c7. However, I can't help feeling that
white will miss the pin of the f6 knight. Indeed this helped to encourage the
original and apparently satisfactory manouevre} Nc6 $5 12. Rfd1 Ne7 13. Rac1
Bxc3 14. bxc3 Ng6 15. Bg3 Rc8 16. Bd3 Nh5 17. Qe3 Nxg3 {1/2-1/2 Emms,
J-Speelman,J/Hastings 1999/CBM 69_07 (17)}) 10... Bb7 11. Re1 {The main line.}
({The very most direct move is} 11. Ne5 {aimed at disrupting black's intended .
..Nbd7.} Nc6 $5 (11... Bxc3 12. bxc3 Qc7 $5 13. Qe2 (13. Bxf6 gxf6 14. Qg4+ Kh8
15. Qh4 {is a well-known and oft-exploited route to a draw.}) 13... Nbd7 14.
Nxd7 Nxd7 15. Rac1 {might be an edge for white.}) 12. Ba6 $5 $146 (12. Bxf6
Qxf6 $5 13. Nd7 Qh4 14. Nxf8 Rxf8 $1 $44 (14... Nxd4 $2 15. Nxe6 $5 (15. Nd7 $5
Rd8 (15... Qg5 16. f3 Rd8 17. Qxd4 Bc5 18. Qxc5 bxc5 19. Rad1 Bc6 (19... h5 20.
Rd3) 20. Ne5 $16) 16. g3 Qh3 17. Bd5 $1) 15... fxe6 16. f4 $16)) 12... Bxa6 13.
Nxc6 Qd6 14. Bxf6 gxf6 15. Qg4+ (15. Nxb4 Bxf1 16. Qg4+ Kh8 17. Qh4 Rg8 $15) (
15. Qf3 Bxf1 16. Ne4 Be2 $1) 15... Kh8 16. Qf3 (16. Qh4 Qxc6 17. Qxf6+ Kg8 18.
Qg5+ Kh8 19. Qf6+ $11) 16... f5 (16... Bxf1 17. Qxf6+ Kg8 18. Re1 (18. Rxf1
Qxc6 19. Qg5+ $11) 18... Bd3 19. Ne4 Bxe4 $4 (19... Qxc6 20. Qg5+ $11) 20. Rxe4
) 17. Rfd1 Bxc3 $1 18. Qxc3 Rac8 {[%cal Yc8c3]} 19. d5+ f6 20. Qa3 (20. Qb4 $2
Rxc6) (20. Qf3 Bb7 $13) 20... Qxa3 21. bxa3 exd5 22. Ne7 Rc3 $132 {1-0 Babula,
V-Wells,P/BL 1999/[Wells].}) 11... Nbd7 12. Rc1 (12. Bd3 Bxc3 13. bxc3 Qc7 14.
Rc1 Rfe8 15. Bh4 {A typical manouevre as we shall see.} Qd6 16. Bg3 Qa3 17. Ne5
$5 (17. Qb3 Qe7 18. Bb5 Rec8 19. c4 Ne4 20. Bf4 Ndf6 21. Ba4 Ng4 22. Rc2 Qf6
23. Be5 Qd8 24. Qb2 $14 {1-0 Vyzmanavin,A-Djuric,S/Tilburg 1993/CBM 39 (41)})
17... Nxe5 18. dxe5 Nd5 19. Qf3 Qe7 20. Qe4 f5 21. exf6 Nxf6 22. Qh4 $40 {1/
2-1/2 Psakhis,L-Zifroni,D/Herzliya 1998/EXT 99/ (39)]}) 12... Rc8 {Black has
31/2 developmental decisions to make in this line:   1. Whether to play ...Rc8
2. Whether to play ...Rfe8  3. Where to put his queen  31/2. Whether to
exchange on c3 or to retreat to e7. The last is relevant in only a few cases,
since his play against the c3/d4 pawn structure is the key to the method with .
..Nbd7.   Of the others '1.' is the least difficult, and '3' as we shall see,
perhaps the crux of the matter. In other words, there is little argument
against the useful ...Rac8, establishing presence on the important c-line.} (
12... Bxc3 13. bxc3 (13. Rxc3 {is also possible here, particularly with the
knight already commited to d7 [ compare 11 Rc1 Bxc3 12 Rxc3 Nc6!? - Illescas,
M - Short,N/ Wijk aan Zee 1997 CBM 57.  ]} Qb8 14. Ne5 Nxe5 $6 (14... Qd6 $1)
15. Rxe5 Ne4 16. Qg4 f5 17. Bxe6+ Kh8 18. Bxf5 Nxc3 19. bxc3 Qc7 20. Qg3 h6 21.
Bd2 Qd6 22. h3 Bd5 23. Bf4 Qc6 24. Re7 Rf7 25. Rxf7 Bxf7 26. Be5 Rg8 27. Bc2
Bc4 28. Qg4 {[%cal Yg4f5] 1-0 Kumaran,D-Hellsten,J/Copenhagen KS 1996/CBM 55 
(28)}) 13... Qc7 14. Bd3 Qd6 {This is increasingly the 'square of preferance'
for the black queen in these lines, although Karpov failed to equalise after} (
14... Rfe8 15. Bh4 {transposes to the note to 12 Bd3 above.}) 15. Bh4 Rfc8 16.
Bg3 $14 {Gelfand,B - Karpov,A/ Linares 1994, the critical point being that} Qd5
$6 17. c4 Qh5 (17... Qa5 $5 {looks more logical}) 18. Nd2 $16 {-Karpov favours
white.}) 13. Bd3 Re8 $5 {This too is probably a useful finesse. On the one
hand, black sometimes prepares the advance ...e5 which is an important (
albeit by no means universally applicable ) weapon against the hanging pawns.
On the other he is simply challenging white to find a useful move.} ({However,
the immediate} 13... Bxc3 {also has its adherents.} 14. bxc3 Qc7 15. Bh4 Qf4
16. Bg3 Qg4 (16... Bxf3 $5 17. Bxf4 Bxd1 18. Rexd1 {should be an edge for white
}) ({while} 16... Qh6 17. c4 Rfd8 18. a4 Nh5 19. Bh4 Ndf6 $2 20. Bg5 Bxf3 21.
Qd2 $1 $18 {[%csl Rh6] 1-0 Gligoric,S-Ivanovic,B/Niksic 1978/MCL (72), is a
trick worth remembering.}) 17. Be2 $1 {The availability of this move is the
major difference between this and the main game, and perhaps a reasonable
argument for 13...Re8.} Qf5 18. Nd2 $1 $14 {[%cal Yd2c4,Yc4e3]}) 14. Qe2 (14.
Bh4 {Might seem to be a good 'anticipation' of black's queen development, but
that may be a rare case where it is worth switching plans vis a vis the black
squared bishop} Be7 $5 15. Ne5 Nxe5 16. dxe5 Nd5 17. Bxe7 Rxe7 $1 18. Ne4 Rxc1
19. Qxc1 Rc7 20. Qd1 Nf4 21. Bb1 Qxd1 22. Rxd1 Kf8 23. g3 Ne2+ 24. Kf1 Nd4 $1
$15 {0-1 Saravanan,V-Prakash,G/ch-IND, Nagpur IND 1999 (37)}) 14... Bxc3 15.
bxc3 Qc7 16. c4 (16. Bh4 $5 Qd6 $5 (16... Qf4 17. Bg3 Qg4 18. Nd2 Qxe2 19. Bxe2
Red8 20. f3 Nb8 21. Bf1 h6 22. Bf2 $14 {1-0 Sherbakov,R-Macieja,B/Polanica
Zdroj 1996/EXT 98 (47)}) 17. Ba6 (17. Bg3 Qa3 $13) 17... Bxa6 (17... Qd5 $1 $11
{Gulko.}) 18. Qxa6 Qb8 19. c4 $14 {1/2-1/2 Gulko,B-Short,N/New York 1994 (34)})
16... h6 (16... Qc6 $6 17. h3 Rcd8 18. Rcd1 Nf8 19. Qe5 N6d7 20. Qg3 $16 {
Gligoric-Portisch, Lugano 1968}) (16... Qd6 $5 {Zilberman,Y - Psakhis,L/
Herzliya 1998 1/2-1/2! This might be the most timely ...Qd6 of all.}) 17. Bh4 (
17. Bd2 $5 Bxf3 18. Qxf3 e5 19. Qg3 $2 {is Portisch's now rather infamous
miscalculation.} ({Better was} 19. d5 Nc5 20. Bc2 $1 (20. Bf5 e4 21. Qh3 Nd3
22. d6 Qxd6 $1 23. Bxc8 Qc5 24. Be3 Qxc8 $15 {Wells}) 20... e4 $13 21. Qh3 Qd7
22. Qg3 Qg4 23. Re3 Qxg3 24. Rxg3 Kf8 25. Bc3 Ncd7 26. Ba4 Red8 {[%csl Ya4,Yc3,
Rc4] this might be good for an edge since the bishops are active, although as
ever, black is not without play against c4 -Wells.}) 19... exd4 20. Rxe8+ Nxe8
21. Bf4 Qc6 22. Bf5 {/\23.Bxd7 Qxd7 24.Bxh6} Rd8 23. h3 $19 ({Portisch had
apparently overlooked that the move} 23. Bc7 $2 {is not available here.}) 23...
Nc5 24. Rd1 Qf6 25. Bb1 Qe6 26. Kh2 Kf8 27. Be5 Qxc4 28. Qf4 Ne6 29. Qe4 Qd5
$19 {/\41..Nb3 42.Qa3 Nf1. 0-1 Portisch,L-Karpov,A/Bugojno 1978/MCL/ (40) It
is a mark of greatness that one's blunders are famous!}) 17... Qf4 18. Bg3 (18.
Qe3 Qg4 19. h3 Qh5 $13) 18... Qg4 (18... Bxf3 19. Bxf4 Bxe2 20. Rxe2 Red8 {is
yet another possible route to this endgame which is slightly better for white,
but quite difficult to handle for both sides.}) 19. Qe3 Bxf3 20. gxf3 Qh5 (
20... Qh3 $5) 21. Rb1 Qa5 {Another common destination for the black queen in
these lines, by a rather contorted route.} 22. Re2 $6 (22. a3 $5 {looks more
reasonable. I suspect that the slightly awkward position of black's queen +
the bishop pair compensate the weakened white structure and spell about equal
chances. After the text move, the black queen's advantures resume, and an
excellent sacrificial idea tips the preference in black's favour.}) 22... Qa4
23. Rb3 Rxc4 $1 {A fine move, which in fact offers a dual positional sacrifice.
White can choose exchange or queen v. rook bishop pawn. Neither is too
promising, for essentially the same reason. With all his structural holes, the
value of white's light-squared bishop is very high, and it will be sorely
missed.} 24. Bxc4 (24. Ra3 Qxa3 25. Bh7+ Kxh7 26. Qxa3 Rxd4 $36) 24... Qxc4 25.
Rc3 Qa6 26. Ra3 Qb7 {Job done!} 27. Rc2 Nd5 {[%csl Yd5][%cal Yd5c7] Blockading
the 'isolani' and covering the entry square. What more can one ask?} 28. Qe2 a5
29. Ra4 f5 30. Be5 Nxe5 31. Qxe5 Qf7 $1 32. Rac4 Nb4 33. Rd2 Kh7 34. a3 Nd5 35.
Rdc2 Qh5 {Until this point, I liked black's very aesthetic compensation, but
everything was up for grabs. Now white's position, presumably in time-trouble,
crumbles rather rapidly.} 36. Rc8 $2 {A serious tactical mistake form the
talented young Hungarian.} (36. Qg3 $13) 36... Qxf3 37. R2c7 (37. Rxe8 Nf4 $19)
37... Qd1+ 38. Kg2 Qg4+ 39. Kf1 Rxc8 40. Rxc8 Nf4 {A nice instance of the
celebrated co-operation of queen and knight.} 41. Rc3 Qg2+ 42. Ke1 Qg1+ 43. Kd2
Qxf2+ 44. Kd1 Qg1+ 45. Kc2 Qxh2+ 46. Kb3 Qd2 47. Rc7 Qd1+ 48. Ka2 Qe2+ {I
can't resist another piece path!} 0-1

[Event "Mitropa Cup 19th"]
[Site "Baden"]
[Date "1999.04.01"]
[Round "1"]
[White "Almasi, Zoltan"]
[Black "Kozul, Zdenko"]
[Result "1-0"]
[WhiteElo "2665"]
[BlackElo "2585"]
[Annotator "Gofshtein,L"]
[PlyCount "76"]
[EventDate "1999.04.??"]
[EventType "team-tourn"]
[EventRounds "9"]
[EventCountry "SUI"]
[Source "ChessBase"]
[SourceDate "1999.08.01"]

1. e4 {Tsesarsky} c5 2. Nf3 Nc6 3. d4 cxd4 4. Nxd4 Nf6 5. Nc3 d6 6. Bg5 e6 7.
Qd2 a6 8. O-O-O Bd7 9. f4 b5 10. Bxf6 gxf6 11. Kb1 Qb6 12. Nce2 h5 13. g3 (13.
Qe1 h4 14. Nxc6 Qxc6 15. Nd4 Qc5 16. Nb3 Qc6 17. Bd3 a5 18. Qe2 (18. Nxa5 Qa6
19. b4 Be7 20. Bf1 Bd8 21. Rd3 Bxa5 22. Ra3 Qc6 23. Rxa5 Rxa5 24. bxa5 $14)
18... Qb6 19. c4 a4 $132 {1-0 Mokry,K-Kosic,D/Novi 1990 (66)}) (13. f5 Bh6 (
13... Nxd4 14. Nxd4 e5 15. Ne2 b4 16. Nc1 Bc6 17. Qe1 Rc8 18. Bc4 a5 19. Qe2 (
19. Bd5 $14) 19... a4 20. Rd3 Qc5 21. b3 axb3 22. cxb3 Bh6 23. Rhd1 $14 {1-0
Sax,G-Grosar,A/Maribor ,CBM 1996 (53)}) 14. Qe1 Ne5 (14... Rc8 $132) 15. g3
O-O-O 16. Nf4 Bxf4 17. gxf4 Nc6 18. fxe6 fxe6 19. Nb3 Qc7 20. Qd2 e5 21. f5 $16
{1-0 Magomedov,M-Sorokin,M/Cheliabinsk-A ,EXT 1991 (49)}) 13... Rc8 (13... h4
14. Bh3 (14. Bg2 Nxd4 15. Nxd4 Rc8 16. Rhf1 hxg3 17. hxg3 Rc5 $132 {1-0
Marjanovic,S-Speelman,J/Malta (ol) 1980/Inf 30 (37)}) (14. g4 $5) 14... hxg3
15. hxg3 Rg8 16. Nf3 Qc5 17. g4 O-O-O $5 (17... b4 18. Ng3 Na5 19. b3 Bc6 20.
Rhe1 O-O-O 21. Nh5 Be7 22. f5 d5 (22... e5 23. g5 (23. Qd3 Kb7 24. Bf1 Qb6 25.
g5 d5 26. exd5 Rxd5 27. Qe2 Rxd1+ 28. Rxd1 Bb5 29. Qe4+ (29. Qh2 Rd8 30. Rxd8
Qxd8 31. Bxb5 Qd1+ 32. Kb2 Qxf3 33. Bd3 $132) 29... Bc6 $11) 23... d5 24. gxf6
dxe4 25. fxe7 Rxd2 26. Nxd2 e3 27. Nf1 Nb7 $1 (27... f6 $4 28. Nxf6 Rh8 29.
Rxe3 Qxe7 30. Nd5 $16 {1-0 Savon,V-Tukmakov,V/URS-ch40 Baku 1972 (35)}) 28. f6+
Kc7 29. Ng7 (29. Nxe3 Nd6 $17) (29. Rxe3 Nd6 30. Ng7 Nb5 31. Kc1 Nc3 32. Rde1
Nxa2+ 33. Kb2 Qa5 $19) 29... Nd6 30. Nxe3 Nb5 31. Kc1 Nc3 32. Ne6+ fxe6 33. f7
Rh8 34. f8=Q Rxf8 35. exf8=Q Qxf8 $17) 23. e5 fxe5 24. f6 Bd6 25. Nxe5 Bxe5 26.
Rxe5 $14) 18. Ng3 Kb8 19. Nh5 Be7 $14) (13... O-O-O 14. Bg2 (14. Bh3 Kb8 15.
Rhe1 (15. f5 Nxd4 16. Nxd4 e5 17. Ne2 b4 18. Bg2 Bc6 19. Nc1 a5 20. Rhe1 Bh6
21. Qd3 $14 {1/2-1/2 Rodriguez,A-Becerra Rivero,J/Capablanca mem-B 1993 (21)})
15... b4 16. Bg2 Rc8 17. Nxc6+ Bxc6 18. Nd4 Bb7 19. Re3 Be7 20. Rb3 a5 21. a3
d5 22. exd5 a4 23. Rxb4 (23. Re3 bxa3 24. b3 Rhd8 $17 {0-1 Plaskett,J-Kinlay,J/
London 1979 (30)}) 23... Bxb4 24. axb4 $132) (14. f5 Bh6 15. Qc3 Kb8 16. fxe6
fxe6 17. Bh3 Nxd4 18. Nxd4 Rhe8 19. Qb3 $16 {1/2-1/2 Zapata,A-Zaltsman,V/New
York 1983 (60)}) 14... Kb8 (14... h4 15. Nxc6 Bxc6 16. Qc3 e5 17. fxe5 fxe5 18.
Rhf1 Rh7 19. gxh4 Be7 20. h5 $16 {1-0 Jovcic,M-Pavlovic,S/YUG tt FL
Arandjelovac  ,EXT 1990 (36)}) 15. Rhf1 Ne7 16. Nb3 Bc6 $14 {Timman,J-Torre,E/
Rio de Janeiro(izt)/1979/} 17. Ned4 $14) (13... b4 14. Bg2 Ra7 15. Rhf1 a5 16.
e5 fxe5 17. Bxc6 Bxc6 18. fxe5 Rd7 $132 {1-0 Shmuter,L-Zvonicki/UKR-ch sf ,EXT
1986 (30)}) (13... Na5 14. b3 O-O-O (14... Rd8 15. Bg2 Nb7 16. Qe3 Bg7 (16...
Nc5 17. e5 fxe5 18. fxe5 Qc7 $132) 17. Rhf1 Nc5 18. Nc3 (18. b4 Na4 19. Qd2 $14
) 18... b4 19. Nf5 (19. Nce2 $132) 19... bxc3 (19... exf5 20. Nd5 Qb8 21. exf5+
Kf8 22. Qe7+ Kg8 23. Nxf6+ Bxf6 24. Qxf6 Bb5 $44) 20. Rxd6 $13 {0-1 Sax,
G-Piket,J/Lugano 1987/Inf 43 (42)}) (14... b4 15. Bg2 Rc8 16. e5 fxe5 17. fxe5
dxe5 18. Nf3 Qc7 19. Nxe5 Bb5 20. Nd3 Bg7 21. Rhf1 O-O 22. Bf3 (22. Nef4 Nc4 $3
23. bxc4 Bxc4 24. Rf2 (24. Nxb4 Qe5 25. c3 Bxf1 26. Rxf1 Rxc3 $19 {0-1
Summers-Boissel/cr Bergraser memo 1988 (37)}) (24. Nb2 Bxb2 25. Kxb2 Qe5+ 26.
Kb1 Qa5 $19) 24... Bxa2+ 25. Kc1 Bb3 $17) 22... e5 (22... Nc4 23. bxc4 Bxc4 24.
Nec1 $18) 23. Nec1 $132 (23. Nxb4 e4 24. Nd5 (24. Bxe4 Qe5 $19) 24... Qe5 25.
Qd4 exf3 $19)) (14... Rb8 15. Bg2 Nc4 16. Qc1 (16. bxc4 bxc4+ 17. Nb3 cxb3 18.
cxb3 a5 $15) (16. Qd3 Na3+ (16... a5 17. Ka1 Na3 18. c3 a4 (18... a4 19. Kb2
Nc4+ 20. Kc2 {1/2-1/2 Videki,S-Groszpeter,A/Kecskemet GM 1994 (20)})) 17. Kb2
b4 $132 {1/2-1/2 Nunn,J-Damljanovic,B/Beograd 1991/Inf 53/[Damljanovic,B] (29)}
) 16... e5 (16... d5 17. bxc4 bxc4+ 18. Ka1 e5 19. exd5 exd4 20. Nxd4 $18) 17.
bxc4 (17. Nc3 exd4 18. Nd5 Qa5 19. Nxf6+ Kd8 20. Nxd7 Kxd7 21. Rxd4 Bg7 22. e5
Kc8 $15) 17... bxc4+ 18. Ka1 exd4 19. Nxd4 Bg4 20. Rd2 c3 21. Rd3 $132) 15. Bg2
Kb8 16. Rhf1 Be7 17. Qe1 Rc8 18. e5 $14 {0-1 Hazai,L-Damljanovic,B/Vrnjacka
Banja 1984/Inf 37 (48)}) 14. Bg2 (14. Nxc6 Bxc6 15. Bg2 Be7 16. Nd4 Bb7 17.
Rhe1 Kd7 18. e5 Bxg2 19. Qxg2 Kc7 20. exd6+ Bxd6 21. Rd3 Kb8 22. Red1 $14 {0-1
Hallier,K-Muir,A/cr Cities 1989 (53)}) 14... Na5 (14... a5 15. Rhf1 b4 16. Nxc6
Qxc6 17. Nc1 (17. Nd4 $14) 17... Qb5 18. Nd3 Rc7 19. Bf3 Be7 20. Rfe1 Qb6 21.
e5 fxe5 22. fxe5 d5 23. Nf4 a4 (23... Ba4 24. b3 Bb5 25. Nxh5 $14) 24. Bxd5 $1
$14 {1-0 Popovic-Kosic,D/Novi Sad YUG 1990 (29)}) 15. b3 Nc6 (15... Bh6 16.
Rhe1 Rc7 17. Bf3 Bg7 18. h4 b4 19. Ng1 Nb7 20. Bg2 a5 21. Ngf3 Qc5 (21... a4
22. e5 fxe5 23. fxe5 d5 $132) 22. Bf1 a4 23. Ba6 Qa5 24. Qe2 O-O 25. Bb5 $132 {
1/2-1/2 Kruppa,Y-Borovikov,V/Nikolaev zt 1993 (44)}) 16. Rhf1 (16. Nxc6 Qxc6
17. Nd4 Qc3 18. Qe2 Qc5 {1/2-1/2 Garcia Martinez,S-Zaltsman,V/La Habana 1985/
Inf 40 (18)}) 16... h4 (16... Nxd4 17. Nxd4 Qc5 18. Rf3 $1 Bg7 (18... Be7 19.
h4 $16) (18... b4 19. Rd3 $14 (19. Bf1 $14)) 19. c3 a5 20. h4 O-O (20... b4 21.
c4 a4 22. Nc2 $14) 21. Rd3 b4 22. c4 f5 23. exf5 a4 24. fxe6 $16 {1-0 Svidler,
P-Kozul,Z/Pula 1997/EXP 57/[Gofshtein,L] (41)}) (16... Qa5 17. c3 Qb6 $6 (17...
h4 18. Nf3 (18. f5 hxg3 19. b4 Qb6 20. fxe6 fxe6 21. hxg3 Rh2 22. Nf4 Nxd4 23.
cxd4 Rc4 $17) 18... hxg3 19. hxg3 b4 20. c4 $14) 18. f5 $1 Bh6 19. Qe1 Nxd4 20.
Nxd4 e5 21. Nc2 $14) 17. Nf3 hxg3 18. hxg3 b4 (18... Rh6 19. Rh1 (19. e5) 19...
Qf2 20. Rxh6 Bxh6 21. Bh1 Bf8 $132) 19. e5 $2 $17 (19. Rh1 $132) 19... Na7 $1 {
[%cal Ga7b5]} (19... fxe5 20. fxe5 d5 21. Ned4 (21. Ng5 $2 Nxe5 22. Qf4 Qc7 23.
Nd4 Bb5 24. Rf2 Bd6 25. Re1 Rh2 (25... Nd3 26. Qxf7+ Qxf7 27. Nxf7 Nxe1 28.
Nxd6+ Kd7 29. Nxc8 Kxc8 30. Nxe6 $16) 26. Re3 (26. Nxf7 Qxf7 27. Rxe5 Qxf4 28.
Rxe6+ Kd7 29. gxf4 Rg8 $19) 26... Nc4 $1 (26... Rb8 $2 27. Ngxe6 fxe6 28. Rxe5
$16) (26... Rxg2 27. Rxg2 Nc4 28. Ngxe6 $1 Na3+ 29. Kc1 fxe6 30. Rxe6+ Be7 31.
Nf5 $18) 27. Qxf7+ Qxf7 28. Nxf7 Nxe3 29. Nxd6+ Kd7 30. Nxc8 Kxc8 $19) 21...
Qc7 (21... Bg7 22. Qf4 $132) 22. Qf4 Bg7 23. Nxc6 Bxc6 24. Qxb4 Bxe5 25. Nxe5
Qxe5 26. Rfe1 $132) 20. c4 (20. exf6 Nb5 $17) 20... bxc3 21. Nxc3 Qb4 $1 (21...
fxe5 $5 22. Ne4 (22. fxe5 Qb4 23. Rc1 Bh6 $17) 22... Bb5 23. fxe5 Bxf1 24. exd6
Bxg2 25. Qg5 $5 (25. d7+ Kd8 26. dxc8=R+ Kxc8 27. Qxg2 Bg7 (27... Nb5 28. Ne5
$1 $16) 28. Nd6+ Kb8 29. Qd2 (29. Nxf7 Nb5 $19) 29... Rd8 30. Qf4 Qc7 31. Rd2
$132) 25... Qxd6 (25... Bxd6 26. Nf6+ Ke7 27. Nd5+ Ke8 28. Nf6+ (28. Nxb6 Bxf3
29. Nxc8 Nxc8 30. Rd4 $132) 28... Ke7 $11) 26. Rxd6 Rh6 (26... Bxf3 27. Nf6+
Ke7 28. Rd7#) 27. Rd3 $132) 22. Rc1 $2 $19 (22. Ne2 Qxd2 23. Rxd2 dxe5 24. fxe5
Bb4 $17) 22... fxe5 (22... dxe5 23. Rfd1 (23. fxe5 Bh6 $19) 23... Rd8 $17) 23.
Qe3 (23. fxe5 Bh6 24. Qxd6 Qxd6 25. exd6 Bxc1 26. Rxc1 Nb5 27. Ne4 Rxc1+ 28.
Kxc1 Bc6 29. Ne5 Bxe4 30. d7+ Kd8 31. Bxe4 Nd6 32. Bd3 Rg8 $19) 23... Rxc3 $2
$15 {Black hasten to force events and miss a lion's share of advantage.} (23...
exf4 $1 24. gxf4 (24. Qxa7 Bg7 $19 (24... Rxc3 $19)) 24... Nb5 25. Nxb5 Rxc1+
26. Rxc1 axb5 $19) 24. Qxc3 Qxc3 25. Rxc3 Nb5 26. Rcc1 e4 (26... exf4 27. a4
Na7 (27... fxg3 28. axb5 Bxb5 29. Rfd1 $16) 28. Rc7 Nc6 29. gxf4 Kd8 30. Rb7
Kc8 31. Rb6 Kc7 32. a5 (32. Rxa6 Kb7 $17) 32... Nxa5 33. Rxa6 Nxb3 34. Ra7+ Kd8
35. Ng5 Rh2 36. Nxf7+ Ke7 37. Rf2 Nc5 38. Ng5 Bh6 39. Rc2 {[%cal Gc2c5,Gg2c6]}
Kf6 40. Nf3 Rxg2 41. Rxg2 Bxf4 $11) 27. Ng5 $2 $17 ({White it was necessary to
proceed(pass) from attack to a passive defense, but uneasily during game to
accept such decision.} 27. Nd2 $1 d5 28. Rh1 Rg8 29. Nf1 f5 $15) 27... d5 (
27... Rh2 28. Rg1 d5 $17) 28. a4 Nd4 (28... Na3+ 29. Kb2 f6 30. Nh3 Rg8 31. Rg1
Rxg3 32. Bf1 $15) 29. Bxe4 $2 $19 (29. Rh1 Rxh1 30. Rxh1 Nxb3 $17) 29... dxe4 (
29... Nxb3 30. Bd3 Rh2 $19 (30... Nxc1 31. Rxc1 f6 32. Nf3 a5 $19)) 30. Rfd1
Bg7 $2 $17 (30... Nxb3 31. Rc7 Nc5 32. Nxe4 Nxe4 33. Rdxd7 Bd6 $19) 31. Nxe4
Nxb3 (31... Rh2 32. Rd3 e5 33. fxe5 Bxe5 34. Re1 Be6 35. Nc5 Nc6 36. Nxe6 fxe6
37. Rde3 $132) 32. Nd6+ Ke7 33. Rc7 Rb8 $2 $15 (33... Bd4 34. Nxf7 Rh2 {[%csl
Rb2]} 35. Rxd4 Nxd4 36. Ne5 Rh1+ 37. Kb2 Rh2+ 38. Kb1 (38. Kc3 Rc2+ {[%csl Rc7]
}) (38. Kc1 Nb3+ 39. Kb1 Rd2 $19) 38... Rh1+ $11) (33... Nd4 $1 34. Nxf7 Rb8+
35. Ka2 Rb4 $17) 34. Nf5+ Kf8 $6 (34... exf5 35. Rdxd7+ Ke6 36. Re7+ Kd5 $15)
35. Nxg7 Nc5+ $2 $14 (35... Bxa4 36. Nxe6+ fxe6 37. Ka2 $11) 36. Ka2 Bxa4 37.
Rd4 Bb3+ (37... Kxg7 38. Rxc5 Bb3+ 39. Ka3 Bd5 $14) 38. Ka3 Rb5 $2 $16 {The
mistakes were strewed in this extremely complex game as from horns of
abundance!} (38... Kxg7 39. Rxc5 Bd5 $14) (38... Rb5 $2 39. Nh5 Bd5 (39... Ra5+
40. Kb2 (40. Kb4 Rb5+ 41. Ka3) 40... Bd5 41. Nf6 Kg7 42. Ne8+ (42. Nxd5 exd5
43. Rc6 $16) 42... Kg6 43. Nd6 $16) 40. Nf6 Nb3 41. Rb4 $18) 1-0

[Event "Mitropa Cup 19th"]
[Site "Baden"]
[Date "1999.04.01"]
[Round "1"]
[White "Benitah, Yohan"]
[Black "Jelen, Igor"]
[Result "1-0"]
[WhiteElo "2341"]
[BlackElo "2389"]
[PlyCount "57"]
[EventDate "1999.04.??"]
[EventType "team-tourn"]
[EventRounds "9"]
[EventCountry "SUI"]
[Source "ChessBase"]
[SourceDate "1999.08.01"]

1. d4 Nf6 2. c4 g6 3. Nc3 d5 4. Bg5 Ne4 5. Bf4 Nxc3 6. bxc3 Bg7 7. Nf3 c5 8. e3
O-O 9. Be2 Nc6 10. O-O cxd4 11. cxd4 dxc4 12. Bxc4 Bf5 13. Rc1 Rc8 14. Qa4 a6
15. Be2 Qa5 16. Qxa5 Nxa5 17. Nd2 Nc6 18. Bf3 Nb4 19. Rxc8 Rxc8 20. Bxb7 Rc2
21. e4 Bd7 22. a3 Nd3 23. Be3 Bb5 24. Rb1 h5 25. a4 Bxa4 26. Bxa6 Nb2 27. h3 e6
28. Nf3 Bc6 29. Ne1 1-0

[Event "Mitropa Cup 19th"]
[Site "Baden"]
[Date "1999.04.01"]
[Round "1"]
[White "Brunner, Lucas"]
[Black "Konopka, Michal"]
[Result "1/2-1/2"]
[WhiteElo "2492"]
[BlackElo "2480"]
[PlyCount "66"]
[EventDate "1999.04.??"]
[EventType "team-tourn"]
[EventRounds "9"]
[EventCountry "SUI"]
[Source "ChessBase"]
[SourceDate "1999.08.01"]

1. c4 Nf6 2. Nf3 g6 3. g3 c6 4. b3 Bg7 5. Bb2 O-O 6. Bg2 d5 7. O-O a5 8. Nc3
Nbd7 9. cxd5 Nxd5 10. d4 N7f6 11. Na4 Nb6 12. Nc5 Nbd7 13. Qc1 Nxc5 14. dxc5
Bg4 15. Rd1 Qc7 16. Be5 Qc8 17. Nd4 Rd8 18. Qb2 Ne8 19. Bxg7 Nxg7 20. Rd2 e5
21. Nf3 Bxf3 22. exf3 Qc7 23. Re2 Rd5 24. f4 Rxc5 25. fxe5 a4 26. bxa4 Rxa4 27.
Rd1 Ne6 28. h4 Rb5 29. Qa1 Qb6 30. Red2 Rab4 31. Qc3 Rb1 32. Rxb1 Rxb1+ 33. Kh2
Qc5 1/2-1/2